书目信息 |
| 题名: |
土壤结构改良剂
|
|
| 作者: | 吴增芳 编 | |
| 分册: | ||
| 出版信息: | 北京 科学出版社 1976 |
|
| 页数: | 260页 | |
| 开本: | 19cm | |
| 丛书名: | ||
| 单 册: | ||
| 中图分类: | S152.4 | |
| 科图分类: | ||
| 主题词: | 土壤改良剂 | |
| 电子资源: | ||
| ISBN: | ||
| 000 | 00586nam0 2200217 45 | |
| 001 | 0176002094 | |
| 005 | 20060801111348.67 | |
| 010 | @dCNY0.85 | |
| 100 | @a19951014d1976 em y0chiy0121 ea | |
| 101 | 0 | @achi |
| 102 | @aCN@b110000 | |
| 105 | @ay z 000yy | |
| 200 | 10 | @a土壤结构改良剂@Atu rang jie gou gai liang ji@f吴增芳编@Fwu zeng fang bian |
| 210 | @a北京@c科学出版社@d1976 | |
| 215 | @a260页@d19cm | |
| 606 | @a土壤改良剂 | |
| 690 | @aS152.4@v3 | |
| 701 | 0 | @a吴增芳@Awu zeng fang@4编 |
| 801 | 0 | @aCN@bTSSF@c20060801 |
| 801 | 2 | @aCN@bNLC@c20060424 |
| 905 | @a10447@dS152.4@e2 | |
| 土壤结构改良剂/吴增芳编.-北京:科学出版社,1976 |
| 260页;19cm |
| ISBN :CNY0.85 |
| ● |
| 相关链接 |
|
|
|
|
正题名:土壤结构改良剂
索取号:S152.4/2
 
预约/预借
| 序号 | 登录号 | 条形码 | 馆藏地/架位号 | 状态 | 备注 |
| 1 | 0012431 | 202280735 | 密集书库/ [索取号:S152.4/2] | 在馆 | |
| 2 | 0439292 | 204392923 | 密集书库/ [索取号:S152.4/2] | 在馆 | |
| 3 | 0439293 | 204392932 | 密集书库/ [索取号:S152.4/2] | 在馆 |